|
|
|
|
| LEADER |
00000cam a2200000 a 4500 |
| 001 |
57274 |
| 005 |
20240103062703.0 |
| 008 |
000000|1972 ||||||||r|||||||||||spa|| |
| 040 |
|
|
|b spa
|
| 041 |
1 |
|
|a spa
|
| 082 |
0 |
|
|a 363.8
|
| 100 |
1 |
|
|a Masseyeff, René
|9 50654
|
| 245 |
|
|
|a El Hambre
|c René Masseyeff
|h imp
|
| 245 |
|
|
|a La fain
|
| 250 |
|
|
|a 4a ed.
|
| 264 |
|
|
|a Buenos Aires
|b Universitaria
|c 1972
|
| 300 |
|
|
|a 141 páginas:
|c 18 cm
|
| 490 |
|
|
|a Cuadernos
|n no. 34
|
| 650 |
|
|
|a Hambre
|9 12246
|
| 650 |
|
7 |
|a Problemas sociales
|9 322
|
| 650 |
|
|
|a Problemas socioeconomicos
|9 50655
|
| 650 |
|
|
|a Lucha contra el hambre
|9 50656
|
| 852 |
|
|
|a UC-CDJBV
|c ESTANTERIA CERRADA
|f Compra
|k sara.alvarado
|l 1
|m General
|p 00000000
|r 2
|t 57274
|b 0
|d CDRC
|e CDRC
|g 363.8 ESTANTERIA CERRADA
|z 0000-00-00
|
| 942 |
|
|
|c BK
|
| 999 |
|
|
|c 27867
|d 27867
|